Počítanie v eurách
Príprava registračných pokladníc na prechod na euro menu. Prípadná kúpa novej registračnej pokladnice. Duálne zobrazovanie cien. S prípravou na zavedenie eura obchodníci musia začať skôr ako 1. januára 2009. Po skončení duálneho obehu bude od 17. januára 2009 zákonným platidlom euro. Zaokrúhľovanie...
Salvato in:
| Natura: | Capitolo di libro |
|---|---|
| Lingua: | slovacco |
| Soggetti: | |
| Tags: |
Nessun Tag, puoi essere il primo ad aggiungerne!!
|
MARC
| LEADER | 00000naa$a2200000$$$4500 | ||
|---|---|---|---|
| 001 | 0079582 | ||
| 005 | 20231109065455.2 | ||
| 041 | 0 | |a slo | |
| 044 | |a SK | ||
| 245 | 1 | 0 | |a Počítanie v eurách |
| 520 | |a Príprava registračných pokladníc na prechod na euro menu. Prípadná kúpa novej registračnej pokladnice. Duálne zobrazovanie cien. S prípravou na zavedenie eura obchodníci musia začať skôr ako 1. januára 2009. Po skončení duálneho obehu bude od 17. januára 2009 zákonným platidlom euro. Zaokrúhľovanie cien. | ||
| 610 | 2 | 0 | |a euro |
| 610 | 2 | 0 | |a euromena |
| 610 | 2 | 0 | |a pokladnice registračné |
| 610 | 2 | 0 | |a ceny duálne |